| 000 | 00391nam a2200181Ia 4500 | ||
|---|---|---|---|
| 100 | _aGriffiths/David J | ||
| 650 | _aelectrodynamics | ||
| 250 | _a4 | ||
| 942 | _cBK | ||
| 366 | _f25 | ||
| 654 | _aelectrodynamics | ||
| 245 | _aIntroduction to Electrodynamics | ||
| 260 |
_bPearson Education _c2013 |
||
| 082 | _bGRI | ||
| 300 | _a604 | ||
| 546 |
_aENGLISH _cInfo.Tech |
||
| 999 |
_c29850 _d29850 |
||